Les personnages Disney inspirés de célébrités - Statistiques

Statistiques générales
  • Ce quiz a été pris 223 fois
  • Le résultat moyen est 2 sur 24
Statistiques - réponses
Hint Réponse % Correct
Le Génie Robin Williams
58%
Aladdin Tom Cruise
50%
Ariel Alyssa Milano
35%
Pocahontas Naomi Campbell
9%
Ursula Divine
6%
Belle Audrey Hepburn
4%
Jasmine Jennifer Connelly
2%
Alice Kathryn Beaumont
2%
Flynn Rider David Beckham
1%
La Méchante Reine Joan Crawford
1%
Cruella d'Enfer Tallulah Bankhead
1%
Tarzan Tony Hawk
1%
Megara Barbara Stanwyck
0%
Tiana Danielle Moné Truitt
0%
Pinocchio Dickie Jones
0%
Carl Fredricksen Edward Asner
0%
Mulan Gong Li
0%
Cendrillon Helene Stanley
0%
Prince Philippe James Dean
0%
Merida Lily Cole
0%
Milo Thatch Marc Okrand
0%
Hercule Robert Gant
0%
Jessica Rabbit Veronica Lake
0%
Yzma Yma Sumac
0%
Aucun quiz correspondant
Distribution des résultats
% des personnes avec chaque résultat
Percentile par nombre de réponses
Votre historique - résultats
Vous n’avez pas pris ce quiz